MARC

LEADER 00000nam0a2200000 4500
001 310068
005 20231102002242.0
020 |a RU  |b 81-61677 
035 |a (RuTPU)RU\TPU\book\335409 
090 |a 310068 
100 |a 20151120d1981 km y0rusy5003 ca 
101 0 |a rus 
102 |a RU 
105 |a y z 001zy 
200 1 |a Проблема эксперимента в системе общественной практики  |f А. П. Куприян  |g Академия наук СССР (АН СССР), Институт философии (ИФ) 
210 |a Москва  |c Наука  |d 1981 
215 |a 168 с. 
320 |a Библиография в ссылках. 
606 1 |a Научные исследования  |2 stltpush  |3 (RuTPU)RU\TPU\subj\76141  |9 87512 
610 1 |a социальный эксперимент 
610 1 |a общественная практика 
610 1 |a экспериментальные исследования 
610 1 |a методология 
610 1 |a социальные процессы 
610 1 |a управление 
610 1 |a модельный эксперимент 
610 1 |a мысленный эксперимент 
686 |a Ч215  |2 rubbk 
700 1 |a Куприян  |b А. П.  |g Александр Петрович  |4 070 
712 0 2 |a Академия наук СССР (АН СССР)  |b Институт философии (ИФ)  |2 stltpush  |3 (RuTPU)RU\TPU\col\11338 
801 0 |a RU  |b RuMRKP  |c 19950704  |g psbo 
801 1 |a RU  |b 63413507  |c 20151120 
801 2 |a RU  |b 63413507  |c 20180913  |g RCR 
942 |c BK